LEADER 00937nam0-22003251i-450- 001 990003183150403321 035 $a000318315 035 $aFED01000318315 035 $a(Aleph)000318315FED01 035 $a000318315 100 $a20000920d1970----km-y0itay50------ba 101 0 $aita 102 $aIT 200 1 $aRiforma e rivoluzione nelle società tradizionali$eStoria e etnologia dei movimenti messianici$fMaria Isaura Pereira de Queiroz. 210 $aMilano$cJaca Books$d\c\\1970. 215 $a274 p.$d23 cm 225 1 $aSaggi Jaca Book$v27 676 $a13110 676 $a13130 676 $a13510 676 $a13570 702 1$aPereira De queiroz,$bMaria isaura 801 0$aIT$bUNINA$gRICA$2UNIMARC 901 $aBK 912 $a990003183150403321 952 $a13510 PER$b043818$fSES 959 $aSES 996 $aRiforma e rivoluzione nelle società tradizionali$9452400 997 $aUNINA DB $aING01 LEADER 02657nas--2200553---450 001 990001023360203316 005 20190206143704.0 011 $a0046-1121 035 $a0102336 035 $aUSA010102336 035 $a(ALEPH)000102336USA01 035 $a0102336 100 $a20020308d--------km-y0itay0103----ba 101 $aeng 102 $aUS 110 $aaia-------- 200 1 $aEcology Law Quarterly 210 $aBerkeley$cUniversity of California 215 $av$d25 cm 410 $12001 676 $a614.7 801 0$aIT$bsalbc$gISBD 852 5 $82251100160003316$bLUMA$cGIU$ifondo$tCELDES19/21 852 5 $82251100180003316$bLUMA$cGIU$iFondo$tCELDES19/21 852 8 $82251099810003316$bLUMA$cGIU$hXV.30$tCELDES19/21 852 8 $82251100140003316$bLUMA$cGIU$hPer IX 13$tCELDES19/21 853 $82251100160003316.1$81$av.$bno.$u4$vr$i(year)$wq 853 $82251100180003316.1$81$av.$bno.$u4$vr$i(year)$wq 853 $82251099810003316.1$81$av.$bno.$u4$vr$i(year)$wq 853 $82251100140003316.1$81$av.$bno.$u4$vr$i(year)$wq 912 $a990001023360203316 958 $aGIU$bXV.30$c7(1978)- ; scompleti 1978-1981 959 $aSE 979 $aPATTY$b90$c20020308$lUSA01$h1301 979 $aPATTY$b90$c20020321$lUSA01$h0917 979 $c20020403$lUSA01$h1743 979 $aVITTORIANA$b00$c20020529$lUSA01$h1135 979 $aPATRY$b90$c20040406$lUSA01$h1711 979 $aPATRY$b90$c20071122$lUSA01$h1349 979 $aVITTORIANA$b90$c20121211$lUSA01$h1139 979 $aMUSELLA$b90$c20130314$lUSA01$h1045 996 $aEcology law quarterly$9797938 997 $aUNISA Z30 2$lUSA50$LAdministrative$mISSBD$1GIU$AGIU$3Fondo$633925$5B3641$820030620$a2002$b29$c1$f09$FNON Prestabile$hVol.29, n. 1-4 (2002)$i20020328$j20020427$k20021014 Z30 2$lUSA50$LAdministrative$mISSBD$1GIU$AGIU$3fondo$630617/01$5B3995$820030707$a2001$b28$c1$f09$FNON Prestabile$hVol.28, n. 1-4 (2001)$i20010328$j20010427$k20020529 Z30 2$lUSA50$LAdministrative$mISSUE$1GIU$AGIU$3Per IX 13$5133847-100$820030522$a2003$b30$c2$f09$FNON Prestabile$hVol.30, n. 2 (2003)$i20030628$j20030728$k20030925 Z30 2$lUSA50$LAdministrative$mISSUE$1GIU$AGIU$3Per IX 13$5133847-130$820030925$a2003$b30$c3$f09$FNON Prestabile$hVol.30, n. 3 (2003)$i20030928$j20031028$k20040205 Z30 2$lUSA50$LAdministrative$mISSUE$1GIU$AGIU$3Per IX 13$5133847-140$820040205$a2003$b30$c4$f09$FNON Prestabile$hVol.30, n. 4 (2003)$i20031228$j20040127 Z30 2$lUSA50$LAdministrative$mISSUE$1GIU$AGIU$3Per IX 13$635577$5133847-90$820030417$a2003$b30$c1$f09$FNON Prestabile$hVol.30, n. 1 (2003)$i20030328$j20030427$k20030522